Darmstadt Best Scorer By Year - Statistics

General Stats
  • This quiz has been taken 36 times
    21 since last reset
  • The average score is 2 of 6
Answer Stats
Player % Correct
Sandro Wagner
64%
Tim Skarke
43%
Mario Vrančić
29%
Peter Cestonaro
21%
Antonio Čolak
7%
Uwe Hahn
7%
No matching quizzes found
Score Distribution
Percent of People with Each Score
Percentile by Number Answered
Your Score History
You have not taken this quiz since the last reset